000 00599nam a2200205Ia 4500
005 20250923145734.0
008 008 250917s9999 xx 000 0 eng d
037 _aTextual
040 _aDSWL
_beng
_cDSWL
041 _aeng
_2eng
084 _aT2:3.2, N82.1
_qDSWL
100 _aSenGupta, M.
_9838467
245 0 _aSource book on socially useful productive work
_cby M. SenGupta
260 _aNew Delhi
_b N.C.E.R.T.
_c1982
300 _aix,103p.
490 _vVol I
700 _a B.K. Chandrasekariah
_9838468
942 _cTEXL
_hT2:3.2, N82.1
999 _c1455057
_d1455057